Top 10 Most Popular NCS Songs On Letter ,,U'' - Statistics

General Stats
  • This quiz has been taken 8 times
    7 since last reset
  • The average score is 8 of 10
Answer Stats
Creator Song Views % Correct
Abstrakt U 840K
100%
Fareoh Under Water 21M
100%
Desmeon, Steklo Undone 14M
100%
David Bulla Unexpected 7,6M
100%
Dropouts, Aloma Steele Unity 4,4M
83%
Matthew Blaka, Tyler Fiore Upside Down 6,5M
83%
Lost Sky, Chris Linton, ANGELPLAYA Unbreakable 583K
67%
Jim Yosef, Shiah Maisel Unforgivable 1M
50%
Tom Wilson, joegarratt Until I Die 1,4M
50%
32Stitches Uncharted 1,1M
33%
No matching quizzes found
Score Distribution
Percent of People with Each Score
Percentile by Number Answered
Your Score History
You have not taken this quiz since the last reset